00796nam a2200169Ia 4500008004100000020001500041050002100056100003300077240005900110245008200169250001800251260003400269300004000303500006800343505019500411650002000606120720s2003 mx d 000 0 spa d a9706862951 aHB172 bM34 2003 aMcEachern, William A.eautor aMicroeconomics. A Contemporary Introductionlespañol aMicroeconomiab : una introducción contemporáneac / William A. McEachern a6a edición  aMéxicob : Thomson c, 2003 axxiii, 445 páginasb : gráficas aIncluye: glosario (pp. 425-431) Incluye: índice (pp. 433-445) aIntroduccion a la economia Introducción al sistema de mercado Estructura del mercado y precio Mercados de factores Fracaso del mercado y política pública Microeconomía internacional 0aMICROECONOMÍA